Statistics for U.S. Flags that are Red, White, Blue, and Yellow

Click here to take the quiz!

General Stats

  • This quiz has been taken 20 times
  • The average score is 4 of 8

Answer Stats

Answer% Correct
Colorado
100%
North Carolina
84%
Mississippi
58%
Georgia
53%
Denver
37%
St. Louis
21%
Sioux Falls
11%
Acadiana
5%

Score Distribution

Percentile by Number Answered

Percent of People with Each Score

Your Score History

You have not taken this quiz